00583 2200205 4500001002100000005001500021035002000036007000300056008004100059020001400100082001100114084001900125100001700144245008500161250001200246260005200258300003100310600001500341856002100356INLIS00000000000651320211013101633 a0010-1021000146ta211013 0  a0216-0901 a616.92 aR 616.92 YAN p0 aYani A Kasim1 aPenanggulangan Demam Berdarah Dengue Berat di ICU Anak FKUI/RSCM /cYani A Kasim aNomor 9 aJakarta :bJurnal Kedokteran dan Farmasi,c1978 a103 hlm :bIlus ;c27.5 cm 4aKedokteran aJurnal Kesehatan